Countries That Have Hosted Multiple Olympics - Statistics

General Stats
  • This quiz has been taken 187 times
  • The average score is 13 of 14
Answer Stats
# Summer # Winter Country % Correct
1 (1976) 2 (1988, 2010) Canada
99%
5 (1904, 1932, 1984, 1996, 2028) 5 (1932, 1960, 1980, 2002, 2034) United States
99%
3 (1900, 1924, 2024) 4 (1924, 1968, 1992, 2030) France
98%
1 (2008) 1 (2022) China
96%
2 (1964, 2020) 2 (1972, 1998) Japan
96%
3 (1908, 1948, 2012) 0 United Kingdom
96%
2 (1936, 1972) 1 (1936) Germany
95%
3 (1956, 2000, 2032) 0 Australia
93%
1 (1960) 3 (1956, 2006, 2026) Italy
93%
0 2 (1952, 1994) Norway
93%
2 (1896, 2004) 0 Greece
86%
0 2 (1928, 1948) Switzerland
85%
0 2 (1964, 1976) Austria
82%
1 (1988) 1 (2018) South Korea
82%
No matching quizzes found
Score Distribution
Percent of People with Each Score
Percentile by Number Answered
Your Score History
You have not taken this quiz